| 000 | 00567nam a2200181Ia 4500 | ||
|---|---|---|---|
| 003 | GCL | ||
| 008 | 140319s9999 xx 000 0 eng d | ||
| 040 |
_aGCL / _cGCL |
||
| 082 | 0 | 4 |
_a973.927 _bI U |
| 245 | 1 | 0 | _aUNITED STATES HISTORY, 1600 - 1987 |
| 260 |
_aنيويورك : _bU.S DEPARTMENT OF JUSTICE IMMIGRATION ، _c1987 |
||
| 300 |
_aX1, 222 P _bILLS, MAPS ؛ _c23 cm. |
||
| 490 |
_aSEMIES OF FEDERAL CITIZENSHIP TEXTS _v1 |
||
| 650 | 0 | 4 | _aUNITED STATES |
| 650 | 0 | 4 | _aUNITED STATES - HISTORY |
| 650 | 0 | 4 | _aUNITED STATES - HISTORY, 20 TH CENTURY |
| 942 |
_2ddc _cBK |
||
| 999 |
_c5490 _d5490 |
||